En cinco meses: conflictos acechan al gobierno /
Saved in:
| Main Author: | |
|---|---|
| Format: | Text |
| Tags: |
Add Tag
No Tags, Be the first to tag this record!
|
MARC
| LEADER | 00000 a a2200000 04500 | ||
|---|---|---|---|
| 001 | 1333 | ||
| 003 | |||
| 040 | |||
| 100 | |a Ramírez, Gonzalo | ||
| 245 | |a En cinco meses: |b conflictos acechan al gobierno / |c Gonzalo Ramírez | ||
| 773 | |g número 30 -31; páginas 11-15 | ||
| 999 | |c 39161 |d 39161 | ||
